|
|
|
|
| LEADER |
00000nam a2200000Ii 4500 |
| 001 |
DIGEDUNAV0011 |
| 003 |
NyNyDIG |
| 006 |
m o d |
| 007 |
cr ||||||||||| |
| 008 |
220606s2006 sp o 001 0 spa d |
| 035 |
|
|
|a (OCoLC)903969381
|
| 040 |
|
|
|a DGITA
|b eng
|e rda
|e pn
|c DGITA
|
| 020 |
|
|
|z 9788431324148
|
| 050 |
1 |
4 |
|a JA71 ebook
|
| 082 |
0 |
4 |
|a 320.01
|
| 100 |
1 |
|
|a Cruz Prados, Alfredo,
|e author.
|
| 245 |
1 |
0 |
|a Ethos y polis :
|b bases para una reconstrucción de la filosofía política /
|c Alfredo Cruz Prados.
|
| 246 |
3 |
0 |
|a Bases para una reconstrucción de la filosofía política
|
| 264 |
|
1 |
|a Pamplona, España :
|b EUNSA, Ediciones Universidad de Navarra,
|c [2006]
|
| 300 |
|
|
|a 1 online resource.
|
| 336 |
|
|
|a text
|b txt
|2 rdacontent
|
| 337 |
|
|
|a computer
|b c
|2 rdamedia
|
| 338 |
|
|
|a online resource
|b cr
|2 rdacarrier
|
| 347 |
|
|
|a text file
|2 rdaft
|
| 347 |
|
|
|b PDF
|
| 490 |
1 |
|
|a Colección Filosófica ;
|v núm. 152
|
| 588 |
0 |
|
|a Online resource; title from PDF title page (Digitalia, viewed June 6, 2022)
|
| 650 |
|
0 |
|a Political science
|x Philosophy.
|
| 655 |
|
0 |
|a Electronic books.
|
| 791 |
2 |
|
|a Digitalia (Firm),
|e distributor.
|
| 793 |
0 |
|
|g Digitalia eBook Collection:
|a Ediciones Universidad de Navarra
|
| 776 |
0 |
8 |
|i Print version:
|a Cruz Prados, Alfredo.
|t Ethos y polis.
|b Segunda edición.
|d Pamplona, España : EUNSA, Ediciones Universidad de Navarra, [2006]
|z 9788431324148
|
| 830 |
|
0 |
|a Colección filosófica (Universidad de Navarra. Facultad de Filosofía y Letras) ;
|v 152.
|
| 856 |
4 |
0 |
|3 Digitalia Hispánica
|u https://www.digitaliapublishing.com/a/51302/
|
| 910 |
|
|
|a Premium collection: 2022
|